000 00474nam a22001817a 4500
005 20260130125012.0
008 260130b |||||||| |||| 00| 0 eng d
020 _a9781470425852
_c1625.00
040 _aMAIN
041 _aEnglish
082 _a519.2
_bWAL
100 _aWalsh, John B
_926110
245 _aKnowing the Odds
_b:an introduction to probability
260 _aHyderabad
_bUniversity Press
_c2024
300 _a421
650 _aMathematics
_9133
942 _cBK
999 _c60160
_d60160